[Event "V. Art Pub Kupa"]
[Site "?"]
[Date "2014.08.10"]
[Round "6.27"]
[White "Pinter, Tamas"]
[Black "Pasztor, Balazs"]
[Result "1/2-1/2"]
[WhiteElo "1630"]
[BlackElo "1410"]
[PlyCount "78"]
[EventDate "2014.08.07"]
[SourceDate "2014.08.07"]

1. d4 d5 2. Nf3 e6 3. Bf4 Nf6 4. e3 Be7 5. Bd3 O-O 6. Nbd2 Nbd7 7. c4 c6 8. Qc2
Re8 9. e4 dxe4 10. Nxe4 Nxe4 11. Bxe4 Nf6 12. Bd3 Bb4+ 13. Bd2 Bxd2+ 14. Qxd2
h6 15. O-O Qc7 16. Rfe1 Bd7 17. b4 b6 18. Ne5 Re7 19. Re3 c5 20. Be2 Rd8 21.
Rg3 Ne4 22. Qf4 Nxg3 23. fxg3 Bc6 24. Nxc6 Qxc6 25. Bf3 Qc8 26. d5 cxb4 27. Rf1
Qc7 28. Qh4 Red7 29. h3 exd5 30. Bxd5 Qc5+ 31. Kh2 Rxd5 32. cxd5 Rxd5 33. Qf4
Qe7 34. Rb1 Qe5 35. Qxb4 Rd3 36. Qf4 Qxf4 37. gxf4 Rd2 38. Ra1 Kf8 39. a4 Ke7
1/2-1/2

[Event "V. Art Pub Kupa"]
[Site "?"]
[Date "2014.08.10"]
[Round "6.30"]
[White "Kratzmajer, Akos Gyorgy"]
[Black "Csatho, Gabor"]
[Result "1-0"]
[WhiteElo "1328"]
[BlackElo "1766"]
[PlyCount "43"]
[EventDate "2014.08.07"]
[SourceDate "2014.08.07"]

1. e4 c6 2. d4 d5 3. exd5 cxd5 4. Nc3 Bf5 5. Bd3 Qd7 6. Bf4 a6 7. Nf3 f6 8. O-O
Nc6 9. Re1 Nb4 10. Bxf5 Qxf5 11. Bg3 Qxc2 12. Nxd5 Qxd1 13. Nc7+ Kd7 14. Rexd1
Rc8 15. a3 Nc6 16. Nd5 Re8 17. Nb6+ Kd8 18. d5 Na7 19. Rac1 e6 20. dxe6+ Ke7
21. Rd7+ Kxe6 22. Nd4# 1-0

[Event "V. Art Pub Kupa"]
[Site "?"]
[Date "2014.08.10"]
[Round "7.12"]
[White "Mester, Attila"]
[Black "Karacsonyi, Gellert"]
[Result "1/2-1/2"]
[WhiteElo "2006"]
[BlackElo "1806"]
[PlyCount "143"]
[EventDate "2014.08.07"]
[SourceDate "2014.08.07"]

1. d4 Nf6 2. Bg5 g6 3. Bxf6 exf6 4. e3 Bg7 5. g3 d5 6. Bg2 c6 7. Ne2 f5 8. Nd2
Be6 9. b3 Nd7 10. c4 Nb6 11. Rc1 Rc8 12. O-O O-O 13. a4 Nd7 14. Nf4 Nf6 15. b4
Ne4 16. cxd5 cxd5 17. Bxe4 fxe4 18. Qb3 Qd7 19. f3 f5 20. Rxc8 Qxc8 21. Qb2 Qd7
22. Rc1 Rc8 23. Rc3 g5 24. Nxe6 Qxe6 25. Qc2 Rxc3 26. Qxc3 Qc6 27. Nb1 Kf7 28.
fxe4 fxe4 29. b5 Qxc3 30. Nxc3 Ke6 31. Kg2 b6 32. Kh3 h5 33. Kg2 Bf6 34. Na2
Be7 35. Nc3 Bf6 36. Ne2 Be7 37. h4 gxh4 38. Nf4+ Kd6 39. Nxh5 hxg3 40. Kxg3 Kd7
41. Nf4 Kd6 42. Kg4 Bf6 43. Nh5 Be7 44. Ng7 Kd7 45. Kf4 Bd6+ 46. Kf5 Ke7 47.
Nh5 Bh2 48. Nf6 Kd6 49. Ng4 Bg3 50. Kf6 Bh4+ 51. Kf7 Kd7 52. Nf6+ Kd6 53. Ne8+
Kd7 54. Ng7 Bg5 55. Nf5 Bd8 56. Kg6 Ke6 57. Ng7+ Kd6 58. Kf5 Bh4 59. Ne8+ Kd7
60. Nf6+ Kd6 61. Ng4 Be7 62. Ne5 Bh4 63. Kf4 Bf6 64. Ng6 Ke6 65. Kg4 Kd6 66.
Kf5 Bd8 67. Ne5 Bh4 68. Nf7+ Ke7 69. Ne5 Kd6 70. Kg4 Bf6 71. Ng6 Ke6 72. Kf4
1/2-1/2

[Event "V. Art Pub Kupa"]
[Site "?"]
[Date "2014.08.10"]
[Round "7.16"]
[White "Abraham, Lajos"]
[Black "Tamasi, Zoltan"]
[Result "0-1"]
[WhiteElo "1803"]
[BlackElo "1736"]
[PlyCount "122"]
[EventDate "2014.08.07"]
[SourceDate "2014.08.07"]

1. Nf3 Nf6 2. c4 g6 3. Nc3 Bg7 4. e4 d6 5. d4 Nbd7 6. h3 e5 7. dxe5 dxe5 8. Be3
O-O 9. Qd2 c6 10. Rd1 Qc7 11. Bd3 b6 12. O-O Bb7 13. b4 Rfd8 14. Qb2 Nf8 15.
Rd2 Ne6 16. b5 Nd4 17. bxc6 Nxf3+ 18. gxf3 Qxc6 19. Rb1 Ba6 20. Nd5 Kh8 21. Nb4
Qa4 22. Nxa6 Qxa6 23. Qb3 Qc8 24. Rdd1 Kg8 25. Bd2 Qc5 26. Bb4 Qc7 27. Qa3 Bf8
28. Be2 Bxb4 29. Qxb4 Nh5 30. Qb3 Nf4 31. Bf1 Qe7 32. Rxd8+ Rxd8 33. Rd1 Qg5+
34. Kh2 Ne6 35. Rxd8+ Qxd8 36. Qd3 Qd4 37. Kg3 Kg7 38. h4 Nc5 39. Qe3 h6 40.
Kg2 f5 41. f4 Qxe3 42. fxe3 Kf6 43. exf5 Kxf5 44. fxe5 Kxe5 45. Kf3 g5 46. hxg5
hxg5 47. Bg2 Ne4 48. Kg4 Nd2 49. Kxg5 Nxc4 50. Bb7 Nxe3 51. Bc8 b5 52. Ba6 b4
53. Kh4 Kd4 54. Kg3 Nd1 55. Bc8 Kc3 56. Bg4 Ne3 57. Be6 Nc4 58. Kf2 a5 59. Ke1
a4 60. Kd1 b3 61. axb3 a3 0-1

[Event "V. Art Pub Kupa"]
[Site "?"]
[Date "2014.08.10"]
[Round "7.5"]
[White "Bohus, Adam"]
[Black "Kovacs, Istvan"]
[Result "1-0"]
[WhiteElo "2029"]
[BlackElo "2209"]
[PlyCount "119"]
[EventDate "2014.08.07"]
[SourceDate "2014.08.07"]

1. d4 Nf6 2. c4 e6 3. Nc3 Bb4 4. e3 O-O 5. Nf3 c5 6. Bd3 d5 7. O-O Nc6 8. a3
Bxc3 9. bxc3 dxc4 10. Bxc4 Qc7 11. h3 e5 12. Ba2 e4 13. Nd2 Bf5 14. Bb2 Rad8
15. Qa4 Bg6 16. Rfd1 b5 17. Qc2 c4 18. a4 a6 19. Ba3 Rfe8 20. Rab1 Rb8 21. Rb2
Nd5 22. Rc1 h5 23. Bc5 h4 24. Nb1 Ne5 25. Na3 Nd3 26. axb5 Nxb2 27. Qxb2 axb5
28. Nxb5 Qc6 29. Bxc4 Nb6 30. Bb3 Nd7 31. Nd6 Nxc5 32. dxc5 Red8 33. Qa2 Qc7
34. Bd5 Rd7 35. Qc4 Rb2 36. Ra1 Kh7 37. Qd4 Rd8 38. Bxe4 Bxe4 39. Qxe4+ Kg8 40.
Qxh4 Rdb8 41. Qd4 Qc6 42. Nf5 Rb1+ 43. Rxb1 Rxb1+ 44. Kh2 Qc7+ 45. Qd6 Rb7 46.
Kg3 Ra7 47. Qxc7 Rxc7 48. c6 Kf8 49. Nd4 Ke8 50. Kf4 Ra7 51. Nb5 Ra4+ 52. Ke5
Ke7 53. Kd5 Ra2 54. Kc5 Ra6 55. h4 Kd8 56. Kd6 Ra2 57. g4 Rd2+ 58. Kc5 Kc8 59.
Kb6 Rb2 60. h5 1-0

[Event "V. Art Pub Kupa"]
[Site "?"]
[Date "2014.08.10"]
[Round "7.6"]
[White "Kokeny, Norbert Adrian"]
[Black "Kormos, Adam"]
[Result "1/2-1/2"]
[WhiteElo "1916"]
[BlackElo "2144"]
[PlyCount "120"]
[EventDate "2014.08.07"]
[SourceDate "2014.08.07"]

1. d4 Nf6 2. Nf3 g6 3. Bg5 Bg7 4. e3 c5 5. c3 cxd4 6. exd4 O-O 7. Bd3 d6 8.
Nbd2 Nbd7 9. O-O a6 10. Re1 b5 11. Ne4 Bb7 12. Qe2 Re8 13. Nfd2 Qb6 14. Nxf6+
Nxf6 15. Ne4 Nxe4 16. Bxe4 Rac8 17. a3 a5 18. Bxb7 Qxb7 19. Qe4 Qxe4 20. Rxe4
e6 21. Bd2 d5 22. Ree1 Rc6 23. Rac1 Rec8 24. Kf1 b4 25. axb4 axb4 26. Ra1 Rb6
27. Ke2 bxc3 28. bxc3 e5 29. dxe5 Bxe5 30. Kd3 Bf6 31. Ra5 d4 32. cxd4 Rb3+ 33.
Ke2 Bxd4 34. Kf1 Rb2 35. Be3 Bxe3 36. fxe3 Rcc2 37. Rg5 Kg7 38. Kg1 Kf6 39. Rg3
Ke5 40. Rf1 f5 41. h3 Re2 42. Rd1 Rb3 43. Kf1 Rexe3 44. Rxe3+ Rxe3 45. Kf2 Ra3
46. Rd2 Kf4 47. Rb2 Ra4 48. Rc2 g5 49. Rd2 g4 50. hxg4 Kxg4 51. Rd7 Ra2+ 52.
Kg1 h6 53. Rg7+ Kf4 54. Rg6 h5 55. Rh6 Ra1+ 56. Kh2 Kg5 57. Rh8 Ra6 58. Kh3 Rh6
59. Rf8 Kf4 60. g3+ Ke5 1/2-1/2

[Event "V. Art Pub Kupa"]
[Site "?"]
[Date "2014.08.10"]
[Round "7.26"]
[White "Gyenes, Mate"]
[Black "Pinter, Tamas"]
[Result "1/2-1/2"]
[WhiteElo "1246"]
[BlackElo "1630"]
[PlyCount "118"]
[EventDate "2014.08.07"]
[SourceDate "2014.08.07"]

1. e4 c5 2. Nf3 Nc6 3. d4 cxd4 4. Nxd4 Nf6 5. Nc3 g6 6. f3 Bg7 7. Be3 d6 8. Bc4
Bd7 9. Qd2 Nxd4 10. Bxd4 O-O 11. O-O-O Rc8 12. Bb3 a6 13. h4 Qa5 14. Nd5 Qxd2+
15. Kxd2 Nxd5 16. Bxg7 Kxg7 17. Bxd5 Bc6 18. Bxc6 Rxc6 19. c3 e6 20. Kc2 b5 21.
b4 Rfc8 22. Rd3 Kf6 23. Kd2 Ke7 24. Rc1 Rc4 25. Rd4 f5 26. exf5 gxf5 27. Rxc4
Rxc4 28. Kd3 Rxh4 29. Ke3 Rc4 30. Kd3 h5 31. a4 Rh4 32. axb5 axb5 33. Ra1 Rh2
34. Ra5 Rxg2 35. Rxb5 e5 36. Rb7+ Ke6 37. b5 h4 38. b6 Rb2 39. c4 h3 40. Kc3
Rb1 41. Rh7 Rxb6 42. Rxh3 Ra6 43. c5 Kd5 44. cxd6 Rxd6 45. Kd3 Ra6 46. Rh1 Ra3+
47. Ke2 Ra2+ 48. Ke3 f4+ 49. Kd3 Ra3+ 50. Ke2 Re3+ 51. Kf2 Kd4 52. Rh8 Ra3 53.
Rd8+ Kc3 54. Rd5 Ra2+ 55. Kf1 Kc4 56. Rxe5 Kd3 57. Re4 Rb2 58. Rxf4 Ke3 59. Rf8
Rf2+ 1/2-1/2

[Event "V. Art Pub Kupa"]
[Site "?"]
[Date "2014.08.10"]
[Round "7.13"]
[White "Zahonyi-Abel, Mark"]
[Black "Gasparics, Akos"]
[Result "0-1"]
[WhiteElo "1865"]
[BlackElo "2002"]
[PlyCount "118"]
[EventDate "2014.08.07"]
[SourceDate "2014.08.07"]

1. e4 e6 2. d4 d5 3. Nc3 Nf6 4. Bg5 Be7 5. e5 Nfd7 6. Bxe7 Qxe7 7. f4 a6 8. Nf3
c5 9. Be2 Nc6 10. Qd2 b5 11. a4 b4 12. Nd1 O-O 13. Ne3 Bb7 14. O-O f6 15. c3
Na5 16. Bd1 cxd4 17. cxd4 Nc4 18. Qe2 a5 19. b3 Nxe3 20. Qxe3 Rfc8 21. exf6
Nxf6 22. Ng5 Ne4 23. Bg4 Rc3 24. Bxe6+ Kh8 25. Nf7+ Qxf7 26. Qxe4 dxe4 27. Bxf7
Rd8 28. Rfd1 Ba6 29. Bc4 Bxc4 30. bxc4 Rxc4 31. d5 g6 32. d6 e3 33. Kf1 Rc2 34.
Rd3 Rf2+ 35. Kg1 Rxf4 36. d7 e2 37. Re1 Rdf8 38. Rf3 Rxf3 39. gxf3 Rd8 40. Rxe2
Rxd7 41. Kf2 Kg7 42. Re5 Rb7 43. Re2 Kf6 44. Rc2 Re7 45. h4 Rb7 46. Rc6+ Ke5
47. Ke3 Kd5 48. Rc1 b3 49. Kd3 Rb4 50. h5 Rd4+ 51. Ke3 Rxa4 52. hxg6 hxg6 53.
Rb1 Rb4 54. Kd3 a4 55. Kc3 Rf4 56. Rd1+ Kc5 57. Rd3 Rc4+ 58. Kb2 Kb4 59. Kb1 a3
0-1

[Event "V. Art Pub Kupa"]
[Site "?"]
[Date "2014.08.10"]
[Round "7.29"]
[White "Jurak, Miklosne"]
[Black "Karacsonyi, Kata"]
[Result "0-1"]
[WhiteElo "1691"]
[BlackElo "1377"]
[PlyCount "102"]
[EventDate "2014.08.07"]
[SourceDate "2014.08.07"]

1. d4 Nf6 2. c4 e6 3. Nf3 d5 4. Bg5 c6 5. e3 Nbd7 6. Nc3 Be7 7. cxd5 exd5 8.
Bd3 O-O 9. O-O b6 10. Rc1 Bb7 11. a3 Rc8 12. Qe2 Re8 13. Ba6 Bxa6 14. Qxa6 b5
15. Nxb5 cxb5 16. Rxc8 Qxc8 17. Qxb5 Qb8 18. Qe2 Ne4 19. Bf4 Bd6 20. Bxd6 Qxd6
21. Qc2 Rb8 22. Rc1 Qb6 23. b4 Qa6 24. Qb3 Rc8 25. Qb2 Rxc1+ 26. Qxc1 Qc4 27.
Qb2 Qc3 28. Qxc3 Nxc3 29. Kf1 Nb6 30. Ne5 Kf8 31. Ke1 Ke8 32. f3 Nb5 33. Nc6 f6
34. Kd1 Kd7 35. Nb8+ Kc8 36. Na6 Nd7 37. a4 Nc3+ 38. Kc2 Nxa4 39. Nc5 Naxc5 40.
dxc5 Kc7 41. Kc3 Kc6 42. Kd4 f5 43. h3 Nf6 44. g4 fxg4 45. hxg4 Nd7 46. e4 dxe4
47. fxe4 h6 48. e5 Nf8 49. Kc4 a6 50. Kd4 Ne6+ 51. Ke4 g6 0-1

[Event "V. Art Pub Kupa"]
[Site "?"]
[Date "2014.08.10"]
[Round "7.1"]
[White "Juhasz, Mark"]
[Black "Kovacs, David"]
[Result "1/2-1/2"]
[WhiteElo "2210"]
[BlackElo "2201"]
[PlyCount "97"]
[EventDate "2014.08.07"]
[SourceDate "2014.08.07"]

1. Nf3 d5 2. c4 c6 3. b3 Bf5 4. g3 Nf6 5. Bg2 e6 6. d3 h6 7. Bb2 Be7 8. O-O O-O
9. Nbd2 a5 10. a3 Na6 11. Rc1 Qb6 12. Rb1 Rfd8 13. Qc1 Rac8 14. Qc3 Bh7 15.
Rbc1 Bf8 16. cxd5 exd5 17. Bh3 Ra8 18. Nd4 Re8 19. e3 Nc7 20. N2f3 Nb5 21. Nxb5
Qxb5 22. Rfd1 Qb6 23. Nd4 Bd6 24. Nf5 Bxf5 25. Bxf5 Rxe3 26. Qd2 Rf3 27. Bh3
Bxg3 28. hxg3 Rxg3+ 29. Kh2 Rg5 30. Bxf6 gxf6 31. Rg1 Re8 32. f4 Qc7 33. Rg3
Rxg3 34. Kxg3 Qb6 35. Kf3 Qxb3 36. Bd7 Re7 37. Bf5 Qxa3 38. Rh1 d4 39. Rxh6
Re3+ 40. Kg4 Qa1 41. Rh2 Qg1+ 42. Rg2 Qh1 43. Rg3 Rxg3+ 44. Kxg3 Qg1+ 45. Kf3
Qh1+ 46. Kf2 Qh2+ 47. Ke1 Qh1+ 48. Kf2 Qh2+ 49. Ke1 1/2-1/2

[Event "V. Art Pub Kupa"]
[Site "?"]
[Date "2014.08.10"]
[Round "7.15"]
[White "Kunos, Zoltan"]
[Black "Csajbok, Levente Tamas"]
[Result "1-0"]
[WhiteElo "1846"]
[BlackElo "1319"]
[PlyCount "87"]
[EventDate "2014.08.07"]
[SourceDate "2014.08.07"]

1. Nf3 d5 2. c3 Bf5 3. g3 Nf6 4. Bg2 c6 5. O-O e6 6. d3 Be7 7. Nbd2 Nbd7 8. Nh4
Bg6 9. Nxg6 fxg6 10. Nf3 h6 11. d4 O-O 12. Bh3 Kh8 13. Bxe6 Bd6 14. Bh3 g5 15.
Bg2 Qe8 16. Nd2 Qh5 17. e4 Qxd1 18. Rxd1 dxe4 19. Nxe4 Nxe4 20. Bxe4 Rae8 21.
Bd3 Nf6 22. h3 Ne4 23. Bxe4 Rxe4 24. b3 Rfe8 25. Bd2 Kh7 26. Re1 Rxe1+ 27. Rxe1
Rxe1+ 28. Bxe1 Kg6 29. Kg2 h5 30. Kf3 Kf5 31. g4+ hxg4+ 32. hxg4+ Ke6 33. Ke4
Bf4 34. c4 g6 35. Bb4 a6 36. a4 Bh2 37. Bd2 Bc7 38. Bxg5 Bb8 39. f4 Bc7 40. f5+
gxf5+ 41. gxf5+ Kf7 42. b4 Bd6 43. c5 Bc7 44. d5 1-0

[Event "V. Art Pub Kupa"]
[Site "?"]
[Date "2014.08.10"]
[Round "7.8"]
[White "Fodor, Balazs"]
[Black "Berta, Sandor"]
[Result "1-0"]
[WhiteElo "1877"]
[BlackElo "2031"]
[PlyCount "83"]
[EventDate "2014.08.07"]
[SourceDate "2014.08.07"]

1. d4 Nf6 2. Nf3 g6 3. Bg5 Bg7 4. e3 O-O 5. Nbd2 d6 6. c3 Nbd7 7. Bd3 Qe8 8.
Qe2 h6 9. Bxf6 Nxf6 10. O-O e5 11. dxe5 dxe5 12. e4 Nh5 13. Bc2 Nf4 14. Qe3 Bd7
15. Rfe1 Qe7 16. Rad1 b6 17. Nf1 Rad8 18. Ng3 h5 19. Ne2 Ne6 20. Nc1 Kh7 21.
Nd3 Bh6 22. Qe2 f6 23. Nb4 Nf4 24. Qa6 Qc5 25. Nd5 Bb5 26. Qb7 Ne6 27. b4 Qc6
28. Qxc6 Bxc6 29. Bb3 Bxd5 30. exd5 Ng7 31. Re2 Rfe8 32. c4 Nf5 33. h3 e4 34.
Rde1 e3 35. g4 hxg4 36. hxg4 exf2+ 37. Kxf2 Ng7 38. Re7 Bf4 39. c5 Kg8 40. d6+
Kf8 41. Rf7+ Kg8 42. Rxf6+ 1-0

[Event "V. Art Pub Kupa"]
[Site "?"]
[Date "2014.08.10"]
[Round "7.9"]
[White "Nominerdene, Davaademberel"]
[Black "Bellan, Istvan"]
[Result "1-0"]
[WhiteElo "2095"]
[BlackElo "1884"]
[PlyCount "79"]
[EventDate "2014.08.07"]
[SourceDate "2014.08.07"]

1. e4 c5 2. Nf3 d6 3. d4 cxd4 4. Nxd4 Nf6 5. Nc3 a6 6. Be3 e6 7. f3 b5 8. Qd2
Bb7 9. Bd3 Nc6 10. O-O-O Nxd4 11. Bxd4 Qa5 12. Kb1 b4 13. Ne2 e5 14. Be3 Bc8
15. Bc4 Be6 16. Bxe6 fxe6 17. g4 Be7 18. g5 Nd7 19. f4 Nc5 20. Ng3 Na4 21. Qd3
O-O 22. f5 Rab8 23. Ka1 Rfc8 24. Qb3 d5 25. exd5 Bc5 26. dxe6 Bxe3 27. e7+ Kh8
28. Qxe3 Rxc2 29. Qd3 Rcc8 30. f6 gxf6 31. gxf6 b3 32. f7 Nc3 33. Qd8+ Rxd8 34.
Rxd8+ Qxd8 35. exd8=Q+ Rxd8 36. bxc3 bxa2 37. Rf1 Kg7 38. Ne4 h6 39. Nc5 Rf8
40. Ne6+ 1-0

[Event "V. Art Pub Kupa"]
[Site "?"]
[Date "2014.08.10"]
[Round "7.22"]
[White "Csalami, Gabor"]
[Black "Pasztor, Bence"]
[Result "1-0"]
[WhiteElo "1794"]
[BlackElo "1523"]
[PlyCount "75"]
[EventDate "2014.08.07"]
[SourceDate "2014.08.07"]

1. e4 e5 2. Nf3 Nc6 3. Bb5 a6 4. Ba4 b5 5. Bb3 Na5 6. O-O d6 7. d4 Nxb3 8. axb3
exd4 9. Nxd4 Nf6 10. Nxb5 Bg4 11. f3 axb5 12. Rxa8 Qxa8 13. fxg4 Be7 14. Nc3
Nxe4 15. Qf3 Qa7+ 16. Be3 Nc5 17. Qxf7+ Kd8 18. Qxg7 Re8 19. b4 Ne6 20. Qxe7+
Rxe7 21. Bxa7 c5 22. Bb6+ Kd7 23. bxc5 dxc5 24. Re1 b4 25. Nd5 Rf7 26. c4 Rf8
27. Rf1 Rxf1+ 28. Kxf1 Kc6 29. h4 Kd6 30. g5 Ke5 31. Ke2 Nd4+ 32. Kd3 Nb3 33.
g4 Nc1+ 34. Ke3 Nb3 35. h5 Nd4 36. g6 hxg6 37. h6 Nc2+ 38. Kf2 1-0

[Event "V. Art Pub Kupa"]
[Site "?"]
[Date "2014.08.10"]
[Round "7.3"]
[White "Marta, Dominik"]
[Black "Repasi, Zoltan Sr"]
[Result "1-0"]
[WhiteElo "1963"]
[BlackElo "2090"]
[PlyCount "75"]
[EventDate "2014.08.07"]
[SourceDate "2014.08.07"]

1. e4 Nf6 2. e5 Nd5 3. d4 d6 4. c4 Nb6 5. exd6 cxd6 6. Nc3 g6 7. Be3 Bg7 8. Rc1
Nc6 9. d5 Ne5 10. Be2 O-O 11. b3 f5 12. f4 Ned7 13. Nf3 Nf6 14. Bd4 Nbd7 15. b4
a5 16. a3 axb4 17. axb4 Nh5 18. Bxg7 Nxg7 19. Nd4 Qb6 20. Rb1 Nf6 21. O-O e6
22. Bf3 h5 23. Kh1 exd5 24. Nxd5 Nxd5 25. Bxd5+ Kh7 26. Re1 Re8 27. Rxe8 Nxe8
28. Qe2 Qd8 29. Nf3 Nf6 30. Ng5+ Kg7 31. Bxb7 Ra7 32. Bxc8 Qxc8 33. b5 Kh6 34.
b6 Rb7 35. Qd3 Qc6 36. Qd4 d5 37. cxd5 Qd6 38. h3 1-0

[Event "V. Art Pub Kupa"]
[Site "?"]
[Date "2014.08.10"]
[Round "7.19"]
[White "Berki, Zsofi Anna"]
[Black "Balla, Attila"]
[Result "1-0"]
[WhiteElo "1710"]
[BlackElo "1844"]
[PlyCount "73"]
[EventDate "2014.08.07"]
[SourceDate "2014.08.07"]

1. d4 Nf6 2. e3 e6 3. Bd3 d5 4. f4 c5 5. c3 Nc6 6. Nf3 Bd6 7. O-O O-O 8. Bd2
Ne4 9. Be1 Qb6 10. Qc2 cxd4 11. cxd4 f5 12. a3 Bd7 13. Qe2 Rac8 14. Nc3 Be7 15.
Rc1 Nd8 16. Bxe4 fxe4 17. Ne5 Bb5 18. Nxb5 Rxc1 19. Nd7 Qc6 20. Nxf8 Rc2 21.
Qd1 Rxb2 22. Nxa7 Qa6 23. Nxh7 Qxa7 24. Qh5 Nf7 25. Ng5 Bxg5 26. fxg5 b5 27. g6
Nh6 28. Bb4 Rxb4 29. axb4 Qe7 30. g4 Qxb4 31. Qe5 Kh8 32. Qxe6 Qa3 33. Kh1 Ng8
34. Qxd5 Qxe3 35. Qxb5 Qa3 36. Qh5+ Nh6 37. g5 1-0

[Event "V. Art Pub Kupa"]
[Site "?"]
[Date "2014.08.10"]
[Round "7.14"]
[White "Mako, Zoltan"]
[Black "Lengyel, Andrea"]
[Result "1/2-1/2"]
[WhiteElo "1974"]
[BlackElo "1748"]
[PlyCount "66"]
[EventDate "2014.08.07"]
[SourceDate "2014.08.07"]

1. e4 c5 2. Nf3 Nc6 3. c4 e5 4. Nc3 d6 5. d3 g6 6. Be2 Bg7 7. O-O Nge7 8. Ne1
O-O 9. f4 exf4 10. Bxf4 Nd4 11. Nf3 Nec6 12. Rb1 a6 13. a3 Be6 14. Ng5 b5 15.
Nd5 bxc4 16. dxc4 Nxe2+ 17. Qxe2 Nd4 18. Qd3 Bxd5 19. cxd5 a5 20. Nf3 Nxf3+ 21.
Rxf3 Rb8 22. Qd2 c4 23. Bh6 Qb6+ 24. Kh1 Bxh6 25. Qxh6 Qd4 26. Rh3 Qg7 27. Qc1
Qd4 28. Qh6 Qg7 29. Qc1 Rfc8 30. Rc3 Qd4 31. Qc2 Qc5 32. Rc1 Kg7 33. Qd2 Qb5
1/2-1/2

[Event "V. Art Pub Kupa"]
[Site "?"]
[Date "2014.08.10"]
[Round "7.4"]
[White "Fekete, Martin"]
[Black "Schweighoffer, Martin"]
[Result "0-1"]
[WhiteElo "1842"]
[BlackElo "2000"]
[PlyCount "60"]
[EventDate "2014.08.07"]
[SourceDate "2014.08.07"]

1. e4 e5 2. Nc3 Nc6 3. f4 Bb4 4. Nf3 d6 5. d3 Nd4 6. h3 Qf6 7. f5 Bxc3+ 8. bxc3
Nxf3+ 9. Qxf3 d5 10. g4 Qc6 11. Bd2 dxe4 12. dxe4 Bd7 13. Bd3 O-O-O 14. O-O Qa4
15. Rfb1 c5 16. Be3 b6 17. Qf2 Nf6 18. Qf3 Bc6 19. c4 Ne8 20. Bf2 Bb7 21. Rb3
Nd6 22. Qe2 h5 23. g5 Qc6 24. Ra3 Kb8 25. Bg3 f6 26. gxf6 gxf6 27. Bh4 Rhg8+
28. Kh2 Nxe4 29. Bxe4 Qxe4 30. Qxe4 Rd2+ 0-1

[Event "V. Art Pub Kupa"]
[Site "?"]
[Date "2014.08.10"]
[Round "7.17"]
[White "Lakatos, Tamas"]
[Black "Firnigel, Janos"]
[Result "0-1"]
[WhiteElo "1555"]
[BlackElo "1795"]
[PlyCount "60"]
[EventDate "2014.08.07"]
[SourceDate "2014.08.07"]

1. e4 c5 2. Nf3 d6 3. Bb5+ Bd7 4. Bxd7+ Nxd7 5. d4 cxd4 6. Nxd4 Ngf6 7. Nc3 g6
8. O-O Bg7 9. Be3 O-O 10. Re1 Ne5 11. f4 Nc4 12. b3 Nxe3 13. Rxe3 Nd7 14. Nce2
Rc8 15. c4 Qb6 16. Rc1 e5 17. Nc2 Nf6 18. Kh1 Ng4 19. Rf3 Nf2+ 20. Rxf2 Qxf2
21. fxe5 Bxe5 22. Nb4 Qh4 23. h3 Qxe4 24. Nd5 Rfe8 25. Qf1 Bg7 26. Nef4 Re5 27.
h4 Rce8 28. Nd3 Qxh4+ 29. Kg1 Rh5 30. Nf2 Qh2# 0-1

[Event "V. Art Pub Kupa"]
[Site "?"]
[Date "2014.08.10"]
[Round "7.2"]
[White "Teglas, Balazs"]
[Black "Halak, Miklos"]
[Result "1/2-1/2"]
[WhiteElo "2182"]
[BlackElo "2197"]
[PlyCount "58"]
[EventDate "2014.08.07"]
[SourceDate "2014.08.07"]

1. e4 e5 2. Nf3 Nc6 3. Bb5 a6 4. Ba4 b5 5. Bb3 d6 6. O-O Nf6 7. Re1 Bg4 8. c3
Be7 9. h3 Bh5 10. d3 Na5 11. Bc2 c5 12. Nbd2 O-O 13. Nf1 Nd7 14. g4 Bg6 15. Ng3
Nc6 16. Qe2 Re8 17. Nf5 Bxf5 18. gxf5 Nb6 19. Kh2 a5 20. Rg1 d5 21. Bh6 Bf8 22.
Rg2 f6 23. Rag1 Ra7 24. Rg4 Kh8 25. Qf1 Ree7 26. h4 Rf7 27. h5 Bd6 28. Qg2 Bf8
29. Bc1 Bd6 1/2-1/2

[Event "V. Art Pub Kupa"]
[Site "?"]
[Date "2014.08.10"]
[Round "7.23"]
[White "Dibusz, Domonkos"]
[Black "Szurkos, Andras"]
[Result "0-1"]
[WhiteElo "1456"]
[BlackElo "1775"]
[PlyCount "44"]
[EventDate "2014.08.07"]
[SourceDate "2014.08.07"]

1. e4 e5 2. Nf3 Nc6 3. Bb5 Nd4 4. Nxd4 exd4 5. d3 g6 6. O-O Bg7 7. Bf4 c6 8.
Bc4 d5 9. exd5 cxd5 10. Bb5+ Kf8 11. Re1 Be6 12. Qf3 Bf6 13. Be5 Kg7 14. Bxf6+
Nxf6 15. b4 Qb6 16. c4 dxc3 17. Ba4 Qxb4 18. Nxc3 Qxc3 19. Rac1 Qd4 20. Bb3
Rhc8 21. Rb1 Rc3 22. Re3 Rac8 0-1

[Event "V. Art Pub Kupa"]
[Site "?"]
[Date "2014.08.10"]
[Round "7.24"]
[White "Gorog, Almos"]
[Black "Ronai, Akos Balazs"]
[Result "0-1"]
[WhiteElo "1627"]
[BlackElo "1702"]
[PlyCount "42"]
[EventDate "2014.08.07"]
[SourceDate "2014.08.07"]

1. c4 c5 2. Nf3 Nc6 3. g3 g6 4. Bg2 Bg7 5. Nc3 e5 6. O-O Nge7 7. e3 O-O 8. d4
cxd4 9. exd4 exd4 10. Nb5 d5 11. Nfxd4 Nxd4 12. Nxd4 dxc4 13. Be3 Nf5 14. Nxf5
Bxf5 15. Qc1 Qc7 16. Bh6 Rfe8 17. Bxg7 Kxg7 18. Qc3+ Kg8 19. Rfc1 Rad8 20. Qxc4
Re1+ 21. Bf1 Qxc4 0-1

[Event "V. Art Pub Kupa"]
[Site "?"]
[Date "2014.08.10"]
[Round "7.7"]
[White "Pasztorcsik, Janos"]
[Black "Cvetanovic, Damjan"]
[Result "1-0"]
[WhiteElo "1997"]
[BlackElo "2078"]
[PlyCount "41"]
[EventDate "2014.08.07"]
[SourceDate "2014.08.07"]

1. d4 d6 2. e4 Nf6 3. f3 g6 4. c4 Bg7 5. Nc3 O-O 6. Be3 Nbd7 7. Qd2 Re8 8.
O-O-O a6 9. g4 c5 10. dxc5 dxc5 11. e5 Nxg4 12. fxg4 Bxe5 13. Nf3 Bg7 14. Bxc5
Qc7 15. Bd4 e5 16. Nd5 Qc6 17. Bc3 Nc5 18. h3 b5 19. Bg2 Ne4 20. Nxe5 Bxe5 21.
Bxe4 1-0

[Event "V. Art Pub Kupa"]
[Site "?"]
[Date "2014.08.10"]
[Round "7.20"]
[White "Schubert, Gyula"]
[Black "Papp, Andrea"]
[Result "1-0"]
[WhiteElo "2033"]
[BlackElo "1548"]
[PlyCount "35"]
[EventDate "2014.08.07"]
[SourceDate "2014.08.07"]

1. d4 d5 2. Nf3 Nf6 3. e3 e6 4. Bd3 Be7 5. Nbd2 b6 6. Ne5 c5 7. c3 O-O 8. f4
Ba6 9. Bc2 cxd4 10. exd4 Nfd7 11. Ndf3 Nxe5 12. fxe5 f6 13. Be3 fxe5 14. Nxe5
Nd7 15. Qh5 Nf6 16. Qh3 Bc8 17. O-O Qe8 18. Rxf6 1-0

[Event "V. Art Pub Kupa"]
[Site "?"]
[Date "2014.08.10"]
[Round "7.21"]
[White "Bartuszek, Andras"]
[Black "Ambrus, Bence"]
[Result "1-0"]
[WhiteElo "1884"]
[BlackElo "1623"]
[PlyCount "55"]
[EventDate "2014.08.07"]
[SourceDate "2014.08.07"]

1. e4 e5 2. Nf3 Nc6 3. Bb5 a6 4. Ba4 Nf6 5. d3 b5 6. Bb3 Be7 7. c3 O-O 8. Bg5
d6 9. Nbd2 Bg4 10. h3 Bxf3 11. Qxf3 Na5 12. Bc2 Nxe4 13. Nxe4 Bxg5 14. h4 Bh6
15. b4 Nc6 16. g4 Bf4 17. d4 Ne7 18. g5 h6 19. Qh5 f5 20. gxf6 d5 21. Rg1 Qe8
22. Rxg7+ Kh8 23. f7 Qc6 24. Nc5 Kxg7 25. dxe5 Ng6 26. e6 Ne7 27. Qg4+ Kh8 28.
Qxf4 1-0

[Event "V. Art Pub Kupa"]
[Site "?"]
[Date "2014.08.10"]
[Round "7.10"]
[White "Juhasz, Bela"]
[Black "Veress, Gaspar"]
[Result "1-0"]
[WhiteElo "2087"]
[BlackElo "1857"]
[PlyCount "53"]
[EventDate "2014.08.07"]
[SourceDate "2014.08.07"]

1. d4 Nf6 2. c4 e6 3. Nf3 d5 4. g3 c6 5. Bg2 Nbd7 6. Qc2 Be7 7. O-O O-O 8. cxd5
exd5 9. Nc3 Re8 10. Bf4 Nf8 11. Rfe1 Ng6 12. Be5 Ng4 13. h3 N4xe5 14. dxe5 Bf8
15. e4 dxe4 16. Qxe4 Qc7 17. Qd4 b6 18. Rac1 Bc5 19. Qe4 Bd7 20. b4 Bf8 21. h4
Nxe5 22. Nxe5 f6 23. Qc4+ Be6 24. Qxc6 Rac8 25. Qxc7 Rxc7 26. Nc6 Rec8 27. Rxe6
1-0

[Event "V. Art Pub Kupa"]
[Site "?"]
[Date "2014.08.10"]
[Round "7.25"]
[White "Kratzmajer, Akos Gyorgy"]
[Black "Kovacs, Gabor Etele"]
[Result "1/2-1/2"]
[WhiteElo "1328"]
[BlackElo "1662"]
[PlyCount "44"]
[EventDate "2014.08.07"]
[SourceDate "2014.08.07"]

1. e4 e6 2. d4 d5 3. Nc3 Bb4 4. Bd3 dxe4 5. Bxe4 Nf6 6. Bg5 O-O 7. Qd3 h6 8.
Bxf6 Qxf6 9. Nge2 Rd8 10. O-O c6 11. Rad1 Nd7 12. Qf3 Qxf3 13. Bxf3 Nb6 14. Ne4
Bd7 15. c3 Be7 16. N4g3 Rac8 17. Nf4 Nd5 18. Nd3 b6 19. Ne5 Nf6 20. Nxd7 Rxd7
21. Ne4 Nd5 22. Ng3 Nf4 1/2-1/2